00289nam a2200121Ia 4500008004100000100001500041245003300056260002800089300001400117650001400131942000700145999001500152190216s9999||||xx |||||||||||||| ||und|| aMankar V G 0aEconomic Policy And Planning bWiley Eastern Ltdc1990 a425 pages aEconomics cBK c9842d9842